Statistics for Top 2 Biggest Cities Quiz A-Z

Click here to take the quiz!

General Stats

  • This quiz has been taken 52 times
  • The average score is 36 of 52

Answer Stats

HintCountryAnswer% Correct
United KingdomLondon
100%
ATurkeyAnkara
98%
BChinaBeijing
98%
JIndonesiaJakarta
98%
RussiaMoscow
98%
MIndiaMumbai
98%
OJapanOsaka
98%
BangladeshDhaka
96%
ITurkeyIstanbul
96%
South AfricaJohannesburg
96%
LNigeriaLagos
96%
DIndiaNew Delhi
96%
NUnited StatesNew York City
96%
TJapanTokyo
96%
ECanadaEdmonton
94%
RBrazilRio De Janeiro
94%
ThailandBangkok
91%
KPakistanKarachi
91%
BrazilSao Paulo
91%
GChinaGuangzhou
89%
HVietnamHo Chi Minh City
89%
Saudi ArabiaRiyadh
89%
CambodiaPhnom Penh
85%
VCanadaVancouver
85%
SChinaShanghai
83%
IndiaAhmedabad
79%
IndiaHyderabad
77%
Democratic CongoKinshasa
70%
WChinaWuhan
70%
Burkina FasoOuagadougou
68%
ChinaTianjin
68%
XChinaXi'an
68%
TurkeyIzmir
66%
ChinaNanjing
66%
ChinaChengdu
64%
PIndiaPune
64%
ChinaXiamen
60%
JapanYokohama
60%
ChinaUrumqi
53%
EcuadorGuayaquil
47%
CChinaChongqing
45%
YMyanmarYangon
43%
FChinaFuzhou
40%
QChinaQingdao
40%
ZChinaZhengzhou
34%
ChinaWenzhou
15%
MexicoEcatepec
11%
USouth KoreaUlsan
11%
ChinaFoshan
9%
ChinaQuanzhou
4%
IndiaVisakhapatnam
2%
ChinaZunyi
2%

Score Distribution

Percentile by Number Answered

Percent of People with Each Score

Your Score History

You have not taken this quiz